| 000 | 00440nam a22001817a 4500 | ||
|---|---|---|---|
| 003 | NUST - PNEC | ||
| 005 | 20170116181055.0 | ||
| 008 | 150930b xxu||||| |||| 00| 0 eng d | ||
| 020 | _a- | ||
| 040 | _cLIBRARY | ||
| 082 | _a671 DOU | ||
| 100 |
_912020 _aDoan, Gilbert E. |
||
| 245 |
_aThe principles of physical metallury _cGilbert E. Doan |
||
| 250 | _a3rd ed, | ||
| 260 | _cc.1935 | ||
| 650 |
_912021 _aMetals _xME |
||
| 942 |
_2ddc _cBK |
||
| 999 |
_c68512 _d68512 |
||